|
|
|
|
| LEADER |
00825nam a22002412a 4500 |
| 001 |
001857956 |
| 003 |
CZ BrMZK |
| 005 |
20230522093913.0 |
| 007 |
ta |
| 008 |
230511s1940 gw a er|||||||||||ger d |
| 040 |
|
|
|a ABA007
|b cze
|d ABA007
|d BOA001
|
| 041 |
1 |
|
|a ger
|h rus
|
| 100 |
1 |
|
|a Berberova, Nina Nikolajevna,
|d 1901-1993
|7 jn19990000695
|4 aut
|
| 245 |
1 |
0 |
|a Tschaikowsky :
|b geschichte eines einsamen Lebens /
|c von N. Berberova ; aus dem russ. übertr. von L. Borchard
|
| 250 |
|
|
|a 9.-12. Taus.
|
| 260 |
|
|
|a Berlin :
|b G. Kiepenheuer,
|c 1940
|
| 300 |
|
|
|a 391 s. :
|b il.
|
| 700 |
1 |
|
|a Borchard, Leo,
|d 1899-1945
|7 xx0167904
|4 trl
|
| 765 |
0 |
|
|t Čajkovskij
|9 Německy
|
| 910 |
|
|
|a BOA001
|b 1-0237.235
|
| 990 |
|
|
|a BK
|
| 991 |
|
|
|b 202304
|
| 996 |
6 |
|
|b BC-2411491
|c 1-0237.235
|l MZK
|r Sklad / do 1 hodiny
|n 0
|w 001924885
|u 000010
|a 1
|e BOA001
|j MZK50
|s P
|